000 00357 a2200133 4500
000 nam a22 7a 4500
005 20260306113221.0
020 _a9781394217212
100 _aC. Neal Stewart
_91123645
245 _aPlant Biotechnology and Genetics: Principles, Techniques, and Applications
250 _a3rd
260 _bWiley
_c2025
942 _cTEXL
999 _c1688485
_d1688485